| 000 | 00469nam a2200181Ia 4500 | ||
|---|---|---|---|
| 001 | 15719 | ||
| 005 | 20260306170216.0 | ||
| 008 | 260306t1993||||xx |||||||||||||| ||und|| | ||
| 041 | _aESP | ||
| 082 |
_a599.9 _bF34 |
||
| 100 |
_aFeder, Kenneth L. _eAUT |
||
| 245 | 0 |
_aHuman antiquity: _ban introduction to physical anthropology and archaeology |
|
| 260 | _c1993 | ||
| 300 |
_a496 páginas : _c23 cm. |
||
| 650 | _aGEN | ||
| 654 | _aCCN | ||
| 942 |
_cLIB _dJUS _fJUS _2ddc _n |
||
| 999 |
_c15719 _d15719 |
||